| 000 | 00643nam a22002057a 4500 | ||
|---|---|---|---|
| 005 | 20251108171209.0 | ||
| 008 | 250721s1987 xx 000 0 ara d | ||
| 082 | 1 | 4 | _aم/214/مند |
| 100 | 1 | _aإبن منده، أبو عبد الله محمد بن إسحاق ... | |
| 245 | 1 | 0 | _aكتاب الإيمان / |
| 250 | _aط3 | ||
| 264 | 1 |
_aبيروت : _bمؤسسة الرسالة، _c1987. |
|
| 300 | _a2مج | ||
| 490 | 0 | _aسلسلة عقائد السلف ؛ 1 | |
| 650 | 1 | 7 | _aالإسلام |
| 650 | 1 | 7 | _aالفقه |
| 700 | 1 |
_aالفقيهي، علي بن محمد بن ناصر _eتحقيق |
|
| 942 |
_2ddc _cREF |
||
| 999 |
_c59102 _d59102 |
||